000 00788nam a2200289 a 4500
003 AR-BaBNM
005 20251128203750.0
008 082120s2002 ||||||||||||||000 | spa||
040 _cAR-BaBNM
100 1 _aBiedma, Juan Martín
245 0 0 _aParticipación de los padres de familia en la conducción de la educación
260 _aBuenos Aires
_bEl Autor
_c1960
300 _a48 p.
500 _aAnexo p. 38-48
650 4 _aLIBERTAD DE ENSEÑANZA
650 4 _aPARTICIPACION DE LOS PADRES
650 4 _aESTADO Y EDUCACION
650 4 _aEDUCACION RELIGIOSA
650 4 _aRELACION FAMILIA-ESCUELA
650 4 _aCONSTITUCIONES
651 4 _aEspaña
651 4 _aArgentina
651 4 _aAlemania
653 _aLEGISLACION EDUCATIVA
942 _cBK
998 _cCarmen
999 _c4852
_d4852